| 000 | 00404nam a2200169Ia 4500 | ||
|---|---|---|---|
| 008 | 121114t1966 xxu||||| |||| 00| 0 sin d | ||
| 041 | _asin | ||
| 080 |
_a8S-31 _bMAW |
||
| 100 | _aMawalage, Nobath | ||
| 245 | _aදෙකොන | ||
| 246 | _aDekona | ||
| 260 |
_bPahan Publishers _aColombo _c1966 |
||
| 300 | _a75p., 18 cm | ||
| 942 | _cBK | ||
| 999 |
_c69748 _d69748 |
||
| 003 | LK-CoDNM | ||
| 040 |
_aLK-CoDNM _dLK-CoDNM _eLK-CoDNM |
||